000 00476nam a2200205Ia 4500
008 210210b2013 xxu||||| |||| 00| 0 eng d
020 _a9789350842256
041 _aeng
082 _a632.6 SHAC
100 _aSHARMA (Reena)
245 _aConcepts in plant nematodes
260 _aNew Delhi
_bCentrum Press
_c2013
300 _aviii,288
650 _aplant
650 _anematodes
650 _ain
650 _aConcepts
690 _aAgriculture
906 _a067782
999 _c151645
_d151645